Discursos
שמור ב:
| מחבר ראשי: | |
|---|---|
| פורמט: | ספר |
| שפה: | ספרדית |
| יצא לאור: |
Madrid
Gredos
2006
|
| סדרה: | Biblioteca Clásica Gredos, 345, 392
|
| נושאים: | |
| תגים: |
הוספת תג
אין תגיות, היה/י הראשונ/ה לתייג את הרשומה!
|
MARC
| LEADER | 00000cam a2200000 a 4500 | ||
|---|---|---|---|
| 001 | UCJ2089 | ||
| 003 | CL-VaPUC | ||
| 008 | 061124e20060000SP |||||||||||||||||spa|d | ||
| 020 | |a 8424914228 | ||
| 020 | |a 8424927923v.6 | ||
| 020 | |a 9788424919375v.7 | ||
| 082 | 0 | 4 | |a 875 |b CIC |2 21 |
| 100 | |a Cicerón, Marco Tulio |e autor |9 255203 | ||
| 245 | 1 | 0 | |a Discursos |
| 300 | |a v | ||
| 942 | |c BK | ||
| 945 | |d 20061124 00:00:00 |a jtorresc | ||
| 260 | |a Madrid |b Gredos |c 2006 | ||
| 500 | |a v.6: Filípicas | ||
| 500 | |a v.7: En defensa de Marco Tulio; en defensa de Marco Fonteyo; en defensa de Gayo Rabirio, acusado de alta traición; en defensa de Publio Cornelio Sila; en defensa de Gayo Rabirio póstumo; por, el regreso de, Marco Marcelo; en defensa de Quinto Ligario; en defensa del rey Deyótaro | ||
| 650 | 7 | |a ORATORIA LATINO |2 CL-VaPUC |9 503042 | |
| 650 | 0 | |a Discursos latinos |9 266716 | |
| 583 | |a last modification |c 20120104 09:23:57 |k Rodrigo Vera | ||
| 490 | 0 | |a Biblioteca Clásica Gredos, 345, 392 | |
| 999 | |c 318503 |d 318501 | ||
| 952 | |0 0 |1 0 |4 0 |6 875_000000000000000_CIC_2006 |7 0 |8 X |9 396318 |a BIBHIS |b BIBHIS |d 2019-11-22 |h v.6 |i 430070K |o 875 CIC 2006 |p 430070K |r 2024-01-30 |w 2019-11-22 |y BK_X |k HIS | ||
| 952 | |0 0 |1 0 |4 0 |6 875_000000000000000_CIC_2006 |7 0 |8 X |9 396319 |a BIBHIS |b BIBHIS |d 2019-11-22 |h v.7 |i 4819632 |o 875 CIC 2006 |p 4819632 |r 2024-01-30 |w 2019-11-22 |y BK_X |k HIS | ||